01473nam a2200325 i 4500001001000000003000900010005001700019007000300036008004100039040002500080082001900105110009700124245022800221264007000449300005100519504003900570650002200609650002700631700004200658700003000700700003300730700003900763700003300802700005000835700004800885700005200933942001400985952013100999999001701130000013989DO-SdBNP20250520120032.0ta091130s1987 dr a 001 0 spa d aDO-SdBNPbspacBNPHU 4a150bR426p2221 aRepública Dominicana.bSecretaría de Estado de Educación, Bellas Artes y Cultos92396510aPsicología /cAugusto C. González Pérez, Elpidio Rosa Sosa, Miriam A. Toribio S., Liliam M. Ureña Guzmán, Elbia Alt. Vargas M. ; coordinador, Antonia Mejía ; colaboradores, Carmen Monsanto, Lourdes Henríquez. aSanto Domingo :bDirección General de Medios Educativos,c1987. a188, xxiv páginas :bilustraciones ;c23 cm. aBibliografía : páginas 187-188 0aPsicología9152 0aPsicopedagogía915701 aGonzález Pérez, Augusto C.9312301 aRosa Sosa, Elpidio9312311 aToribio S., Miriam A.9312321 aUreña Guzmán, Liliam M.9312331 aVargas M., Elbia Alt.9312341 aMejía, Antonia,ecoordinador4coord.9312351 aMontalvo, Carmen,ecolaborador4col.9316591 aHenríquez, Lourdes,ecolaborador4col.931660 2ddccLBS1 00102ddc51708PDaBNPHUbBNPHUcCTd2009-12-02l0oBNPHU PD 150 R426pp13989-20r2020-06-25w2020-06-25yLBS1ZNo se presta c13593d13593